BPF/IPD annual lease review2010 (Record no. 111325)

MARC details
000 -LEADER
fixed length control field 01506cad a22002655a 4500
001 - CONTROL NUMBER
control field L151383
008 - FIXED-LENGTH DATA ELEMENTS--GENERAL INFORMATION
fixed length control field 101101s2010 xxk f s 000 0 eng d
035 ## - SYSTEM CONTROL NUMBER
System control number (Sirsi) u151383
041 0# - LANGUAGE CODE
Language code of text/sound track or separate title eng
050 04 - LIBRARY OF CONGRESS CALL NUMBER
Classification number 346.4104343 $2 18
110 2# - MAIN ENTRY--CORPORATE NAME
Corporate name or jurisdiction name as entry element British Property Federation
9 (RLIN) 1604
245 00 - TITLE STATEMENT
Title BPF/IPD annual lease review2010
Medium [electronic resource]
250 ## - EDITION STATEMENT
Edition statement 13th ed.
260 ## - PUBLICATION, DISTRIBUTION, ETC.
Place of publication, distribution, etc. London
Name of publisher, distributor, etc. BPF
-- IPD
Date of publication, distribution, etc. 2010
490 #0 - SERIES STATEMENT
Series statement BPF/IPD Annual Lease Review
Volume/sequential designation 2010
505 2# - FORMATTED CONTENTS NOTE
Formatted contents note Executive summary -- expanded database analysis and headline lease lengths -- technical appendix
520 ## - SUMMARY, ETC.
Summary, etc. The 2010 annual lease review, the largest study of its kind ever compiled, shows average lease lengths falling in 2010 to just five years, their lowest ever recorded levels. Small businesses are increasingly signing shorter deals, with 81% on leases of five years or fewer and therefore unlikely to face a rent review. By comparison just over 3% of small businesses have a lease of over 10 years. 2009/10 was a significant year for rent free periods and break clauses as landlords and occupiers grappled with poor economic conditions.
590 ## - LOCAL NOTE (RLIN)
Local note KA
650 24 - SUBJECT ADDED ENTRY--TOPICAL TERM
Topical term or geographic name entry element BPF/IPD ANNUAL LEASE REVIEW
651 #4 - SUBJECT ADDED ENTRY--GEOGRAPHIC NAME
Geographic name United Kingdom
Chronological subdivision
690 ## - LOCAL SUBJECT ADDED ENTRY--TOPICAL TERM (OCLC, RLIN)
Topical term or geographic name as entry element PROPERTY-COMMERCIAL PROPERTY-COMMERCIAL PROPERTY MARKET
710 2# - ADDED ENTRY--CORPORATE NAME
Corporate name or jurisdiction name as entry element Investment Property Databank
9 (RLIN) 2288
856 40 - ELECTRONIC LOCATION AND ACCESS
Uniform Resource Identifier <a href="https://www.bpf.org.uk/en/files/bpf_documents/BPF_Annual_Lease_Review_2010_13082010.pdf">https://www.bpf.org.uk/en/files/bpf_documents/BPF_Annual_Lease_Review_2010_13082010.pdf</a>
Public note View the review free of charge at www.bpf.org.uk
942 ## - ADDED ENTRY ELEMENTS (KOHA)
Suppress in OPAC 0
Holdings
Withdrawn status Lost status Source of classification or shelving scheme Damaged status Not for loan Home library Current library Shelving location Date acquired Total Checkouts Full call number Barcode Date last seen Copy number Price effective from Koha item type
    Dewey Decimal Classification     Virtual Virtual Online 01/11/2010   ONLINE PUBLICATION 151383-2001 06/08/2019 1 06/08/2019 Book